| 000 | 00540nam a2200193Ia 4500 | ||
|---|---|---|---|
| 008 | 191130s2009##################000#0#eng## | ||
| 020 | _a9783039119523 | ||
| 040 |
_aACL _cACL |
||
| 082 | _a720 YAN | ||
| 100 | _aYaneva, Albena | ||
| 245 |
_aThe making of a building : a pragmatist approach to architecture _cAlbena Yaneva |
||
| 260 |
_aBern _bPeter Lang _c2009 |
||
| 300 | _ax, 227 p. : ill | ||
| 500 | _aIncludes index | ||
| 650 | _aArchitecture | ||
| 990 | _a59474bddac10000c2652363c630ce534 | ||
| 991 | _a301622 | ||
| 999 |
_c57843 _d57843 |
||